| 000 | 00416nam a2200157 4500 | ||
|---|---|---|---|
| 001 | 127955 | ||
| 003 | ES-MaACL | ||
| 005 | 20230906193128.0 | ||
| 007 | t| | ||
| 008 | 070214s1968 sp r ||||1| spa d | ||
| 100 | 1 |
_aRíos, Mateo. _997374 |
|
| 245 | 1 | 4 |
_aLos hombres de la otra orilla / _cMateo Ríos. |
| 260 |
_aBarcelona : _bDima, _c1968. |
||
| 300 |
_a210 p. ; _c19 cm. |
||
| 852 |
_aES-MaACL _jC-56797 _bR.66424 |
||
| 999 |
_c127955 _d127955 |
||